000 00330nam a2200145Ia 4500
008 210210b1913 xxu||||| |||| 00| 0 eng d
041 _aeng
082 _a825/1115
100 _aKEATS
245 _aColvin
260 _aLondon
_bMacmillan & Co. Ltd.
_c1913
650 _aColvin
690 _aEnglish Criticism
906 _a015430
999 _c134861
_d134861